00418 2200157 4500001002100000005001500021035002000036245007100056100001900127300001200146260004600158082000800204084001400212020002200226990001200248INLIS00000000000251320250604113729 a0010-06250000991 aSuper Modul KSN Komputer 2 :bMatematika Diskrit /cErwin Fernanda0 aErwin Fernanda a196 hlm aJakarta :bPT. Jakarta Sains Media,c2022 a600 a600 ERW s a978-623-6111-49-9 a0754861